| 000 | 00565nam a2200205Ia 4500 | ||
|---|---|---|---|
| 003 | OSt | ||
| 005 | 20250828185613.0 | ||
| 008 | 210423s1964 xx 000 0 und d | ||
| 040 | _cAL | ||
| 041 | _aEnglish | ||
| 082 |
_a331 _bFONW |
||
| 100 |
_aFonseca A J _9108178 |
||
| 245 | _aWage determination and organized labour in india | ||
| 260 |
_aOxford _bOxford University Press _c1964 |
||
| 365 | _cINR | ||
| 650 |
_aEconomics _9108179 |
||
| 650 |
_aLabour Economics _9108180 |
||
| 906 | _adetermination ; india ; labour ; organized ; Wage | ||
| 942 |
_2ddc _cBK |
||
| 999 |
_c172399 _d172399 |
||